Electronic devices and circuits (Record no. 66256)

000 -LEADER
fixed length control field 00489nam a22001937a 4500
003 - CONTROL NUMBER IDENTIFIER
control field NUST - PNEC
005 - DATE AND TIME OF LATEST TRANSACTION
control field 20170116180944.0
008 - FIXED-LENGTH DATA ELEMENTS--GENERAL INFORMATION
fixed length control field 150821b xxu||||| |||| 00| 0 eng d
020 ## - INTERNATIONAL STANDARD BOOK NUMBER
International Standard Book Number 0132560971
020 ## - INTERNATIONAL STANDARD BOOK NUMBER
International Standard Book Number 8120312783
040 ## - CATALOGING SOURCE
Transcribing agency LIBRARY
082 ## - DEWEY DECIMAL CLASSIFICATION NUMBER
Classification number 621.3815 BEL
100 ## - MAIN ENTRY--PERSONAL NAME
9 (RLIN) 5377
Personal name Bell, David A.,
245 ## - TITLE STATEMENT
Title Electronic devices and circuits
Statement of responsibility, etc. David A., Bell
250 ## - EDITION STATEMENT
Edition statement 3rd ed.
260 ## - PUBLICATION, DISTRIBUTION, ETC.
Date of publication, distribution, etc. c1986.
650 ## - SUBJECT ADDED ENTRY--TOPICAL TERM
9 (RLIN) 5379
Topical term or geographic name entry element Electronic circuits
General subdivision EL, EE
942 ## - ADDED ENTRY ELEMENTS (KOHA)
Source of classification or shelving scheme
Koha item type Book
Holdings
Withdrawn status Lost status Source of classification or shelving scheme Damaged status Not for loan Permanent Location Current Location Shelving location Date acquired Total Checkouts Full call number Barcode Date last seen Price effective from Koha item type
          Pakistan Navy Engineering College (PNEC) Pakistan Navy Engineering College (PNEC)       621.3815 BEL PNECLIB-013744 09/07/2015   Book
          Pakistan Navy Engineering College (PNEC) Pakistan Navy Engineering College (PNEC)       621.3815 BEL PNECLIB-021980 09/13/2015   Book
          Pakistan Navy Engineering College (PNEC) Pakistan Navy Engineering College (PNEC)       621.3815 BEL PNECLIB-021982 09/29/2015   Book
          Pakistan Navy Engineering College (PNEC) Pakistan Navy Engineering College (PNEC)   10/02/2015   621.3815 BEL PNECLIB-030096 10/02/2015   Book
          Pakistan Navy Engineering College (PNEC) Pakistan Navy Engineering College (PNEC)   10/28/2015   621.3815 BEL PNECLIB-021978 10/28/2015   Book
© 2023 Central Library, National University of Sciences and Technology. All Rights Reserved.